What the Hell is a Potato? - Statistics

General Stats
  • This quiz has been taken 56 times
  • The average score is 9 of 15
Answer Stats
Hint Answer % Correct
United Kingdom potato
86%
Korea 감자
79%
Germany Kartoffel
71%
Ukraine картопля
67%
France pomme de terre
67%
Japan ジャガイモ
64%
Australia potato
62%
Poland ziemniak
62%
Hong Kong 薯仔
60%
Spain patata
57%
Netherlands ardappel
55%
Brazil batata
55%
Mexico papa
48%
Indonesia kentang
45%
Lithuania bulvė
36%
No matching quizzes found
Score Distribution
Percent of People with Each Score
Percentile by Number Answered
Your Score History
You have not taken this quiz